| Tag |
First Indicator |
Second Indicator |
Subfields |
| LEADER |
00000nam a2200000 i 4500 |
| 001 |
in00004663321 |
| 006 |
m o d |
| 007 |
cr cnu---unuuu |
| 008 |
230327s2023 enk ob 001 0 eng d |
| 005 |
20230410133239.2 |
| 020 |
|
|
|a 9781529229349
|q (electronic bk.)
|
| 020 |
|
|
|a 1529229340
|q (electronic bk.)
|
| 020 |
|
|
|z 1529229316
|
| 020 |
|
|
|z 9781529229318
|
| 035 |
|
|
|a (NhCcYBP)jstor22573/CATS1210601
|
| 037 |
|
|
|a 22573/cats1210601
|b JSTOR
|
| 040 |
|
|
|a NhCcYBP
|c NhCcYBP
|
| 043 |
|
|
|a a------
|
| 050 |
|
4 |
|a JQ26
|b .A75 2023
|
| 072 |
|
7 |
|a POL
|x 054000
|2 bisacsh
|
| 082 |
0 |
4 |
|a 322.5095
|2 23/eng/20230327
|
| 245 |
0 |
0 |
|a Asian military evolutions :
|b civil military relations in Asia /
|c edited by Alan Chong and Nicole Jenne.
|
| 264 |
|
1 |
|a Bristol, UK :
|b Bristol University Press,
|c 2023.
|
| 300 |
|
|
|a 1 online resource.
|
| 336 |
|
|
|a text
|b txt
|2 rdacontent
|
| 337 |
|
|
|a computer
|b c
|2 rdamedia
|
| 338 |
|
|
|a online resource
|b cr
|2 rdacarrier
|
| 504 |
|
|
|a Includes bibliographical references and index.
|
| 588 |
0 |
|
|a Print version record.
|
| 650 |
|
0 |
|a Civil-military relations
|z Asia.
|
| 651 |
|
0 |
|a Asia
|x Politics and government
|y 1945-
|
| 655 |
|
7 |
|a Electronic books.
|2 local
|
| 700 |
1 |
|
|a Chong, Alan
|q (Alan Chia Siong),
|e editor.
|
| 700 |
1 |
|
|a Jenne, Nicole,
|e editor.
|
| 776 |
1 |
8 |
|i Print version:
|t ASIAN MILITARY EVOLUTIONS.
|d [Place of publication not identified] : BRISTOL UNIVERSITY PRESS, 2023
|z 1529229316
|
| 856 |
4 |
0 |
|u http://proxy.library.tamu.edu/login?url=https://www.jstor.org/stable/10.2307/jj.1231855
|z Connect to the full text of this electronic book
|t 0
|
| 955 |
|
|
|a JSTOR DDA record
|
| 999 |
f |
f |
|s 7fc1a1dd-969b-4052-8a4b-249ad365c004
|i 17b0a456-eb1b-442e-9024-0594315072c3
|t 0
|
| 952 |
f |
f |
|a Texas A&M University
|b College Station
|c Electronic Resources
|d Available Online
|t 0
|e JQ26 .A75 2023
|h Library of Congress classification
|
| 998 |
f |
f |
|a JQ26 .A75 2023
|t 0
|l Available Online
|